[Event "Let's Play Chess!"]
[Site "http://www.queenalice.com/game.php?id=1113434"]
[Date "2012.10.18"]
[Round "-"]
[White "jhonycheck"]
[Black "Zany1"]
[Result "0-1"]
[WhiteElo "1500"]
[BlackElo "1640"]

1. d4 Nf6 2. c4 g6 3. Nc3 Bg7 4. e4 d6 5. Be2 O-O 6. Nf3 c5 7. O-O cxd4 8. Nxd4
Nc6 9. Be3 Bd7 10. Rc1 Rc8 11. b3 Qa5 12. f3 Nxd4 13. Bxd4 b6 14. Kh1 Bc6 15.
Nd5 Nxd5 16. exd5 Bxd4 17. Qxd4 Bd7 18. a4 Qb4 19. Qe3 Rfe8 20. f4 e6 21. dxe6
Rxe6 22. Qd3 Rce8 23. Bd1 Re1 0-1

[Event "Let's Play Chess!"]
[Site "http://www.queenalice.com/game.php?id=1113440"]
[Date "2012.10.18"]
[Round "-"]
[White "Zany1"]
[Black "jhonycheck"]
[Result "1-0"]
[WhiteElo "1664"]
[BlackElo "1503"]

1. Nf3 Nf6 2. g3 g6 3. Bg2 Bg7 4. O-O O-O 5. Nc3 d6 6. d4 Nc6 7. d5 Ne5 8. Nxe5
dxe5 9. Qd3 a6 10. a4 Rb8 11. Rd1 b6 12. e4 e6 13. dxe6 Bxe6 14. Qxa6 Qe7 15. a5
Ra8 16. Qb5 Bd7 17. Qc4 Rfc8 18. a6 Qe8 19. a7 b5 20. Qc5 Bf8 21. Nd5 Bxc5 22.
Nxf6+ Kf8 23. Nxe8 Kxe8 24. Rxd7 Kxd7 25. Bh3+ Kd8 26. Bg5+ 1-0

[Event "Let's Play Chess!"]
[Site "http://www.queenalice.com/game.php?id=1113781"]
[Date "2012.10.18"]
[Round "-"]
[White "Ruusgugg"]
[Black "Zany1"]
[Result "0-1"]
[WhiteElo "1071"]
[BlackElo "1593"]

1. Nf3 Nf6 2. d4 g6 3. e3 Bg7 4. c3 O-O 5. Ne5 d6 6. Nc4 Nc6 7. Qf3 d5 8. Na5
Nxa5 9. Bd3 e5 10. dxe5 Ng4 11. b4 Nxe5 12. Qf4 Nxd3+ 13. Kf1 Nxf4 14. exf4 Nc4
15. a3 d4 16. cxd4 Qxd4 17. Ra2 Qd1# 0-1

[Event "Let's Play Chess!"]
[Site "http://www.queenalice.com/game.php?id=1113847"]
[Date "2012.10.18"]
[Round "-"]
[White "piemme"]
[Black "Zany1"]
[Result "0-1"]
[WhiteElo "1812"]
[BlackElo "1694"]

1. e4 c5 2. Bc4 e6 3. Qh5 Nc6 4. d3 Nf6 5. Qd1 d5 6. exd5 exd5 7. Bb5 Qa5+ 8.
Nc3 d4 9. Bxc6+ bxc6 10. Qe2+ Be7 11. Qf3 O-O 12. Qxc6 dxc3 13. b3 Rb8 14. Be3
Bb7 15. Qf3 Bxf3 16. Nxf3 Bd6 17. O-O Nd5 18. Bc1 Rfe8 19. a4 Nb4 20. Ne1 Rxe1
21. Rxe1 Nxc2 0-1

[Event "Let's Play Chess!"]
[Site "http://www.queenalice.com/game.php?id=1113909"]
[Date "2012.10.19"]
[Round "-"]
[White "sioux"]
[Black "Zany1"]
[Result "0-1"]
[WhiteElo "1623"]
[BlackElo "1731"]

1. e4 c5 2. c4 Nc6 3. Nf3 d6 4. Be2 Nf6 5. d3 e5 6. O-O Be7 7. Bg5 O-O 8. a3 Nd4
9. Nxd4 cxd4 10. b4 Be6 11. a4 a5 12. b5 h6 13. Bxf6 Bxf6 14. Nd2 Bg5 15. Nf3
Bf6 16. Qb1 Rc8 17. Qe1 b6 18. Bd1 Qe7 19. h3 Rc5 20. Bc2 Bg5 21. Nxg5 Qxg5 22.
g4 h5 23. f3 f5 24. exf5 Rxf5 25. Qg3 d5 26. Rac1 Rf7 27. Rfe1 dxc4 28. dxc4 h4
29. Qg2 Rxc4 30. Bb3 Rxc1 31. Rxc1 Qxc1+ 32. Qf1 Qe3+ 0-1

[Event "Challenge"]
[Site "http://www.queenalice.com/game.php?id=1113932"]
[Date "2012.10.19"]
[Round "-"]
[White "Zany1"]
[Black "KROKUS"]
[Result "1-0"]
[WhiteElo "1537"]
[BlackElo "1417"]

1. c4 c6 2. Nf3 d5 3. b3 e6 4. Bb2 Nf6 5. g3 h6 6. Bg2 Be7 7. O-O O-O 8. Nc3 a6
9. Qc2 b5 10. e4 dxe4 11. Nxe4 Nxe4 12. Qxe4 f5 13. Qe3 Bf6 14. Bxf6 Qxf6 15.
Ne5 Bb7 16. Qb6 Qxe5 17. Qxb7 bxc4 18. Qxa8 c5 19. bxc4 Nd7 20. Qxa6 Re8 21.
Rae1 Qf6 22. Qd6 Nf8 23. Qxc5 Kf7 24. d4 h5 25. Qe5 Qg5 26. d5 Kg6 27. c5 Nd7
28. Qd6 Rd8 29. dxe6 Nb8 30. e7+ Rxd6 31. e8=Q+ Kh7 32. cxd6 Na6 33. d7 Nc7 34.
d8=Q Qxd8 35. Qxd8 Nb5 36. Qg5 g6 37. Re7+ Kh8 38. Qf6+ Kg8 39. Qg7# 1-0

[Event "Another game?"]
[Site "http://www.queenalice.com/game.php?id=1113994"]
[Date "2012.10.19"]
[Round "-"]
[White "brunoadriano"]
[Black "Zany1"]
[Result "0-1"]
[WhiteElo "1233"]
[BlackElo "1593"]

1. e4 g6 2. d4 Bg7 3. Nf3 d6 4. c3 Nf6 5. Bd3 O-O 6. h3 c5 7. O-O Nc6 8. d5 Ne5
9. Nxe5 dxe5 10. f4 exf4 11. Bxf4 e6 12. c4 Nh5 13. Qd2 Nxf4 14. Rxf4 Bh6 15.
Nc3 e5 16. Qf2 Bxf4 17. Qxc5 Qg5 18. Qf2 Be3 0-1

[Event "Let's Play Chess!"]
[Site "http://www.queenalice.com/game.php?id=1114005"]
[Date "2012.10.19"]
[Round "-"]
[White "mizuta"]
[Black "Zany1"]
[Result "0-1"]
[WhiteElo "1212"]
[BlackElo "1500"]

1. d4 Nf6 2. Nc3 g6 3. Nf3 d5 4. e3 Bg7 5. Bd3 Nc6 6. Bd2 a6 7. Qe2 O-O 8. O-O
Qd6 9. a3 e5 10. Rab1 e4 11. Ne5 Nxe5 12. dxe5 Qxe5 13. f4 Qe7 14. Bc4 dxc4 15.
Qxc4 Rd8 16. Rbd1 Be6 17. Qa4 Bg4 18. Qb4 Qxb4 19. axb4 Bxd1 20. Rxd1 Ng4 21.
Nxe4 Nxe3 22. Re1 Nxc2 23. Rc1 Nxb4 24. Rxc7 Rd4 25. Bxb4 Rxb4 26. Ng5 Rxf4 27.
Rxb7 Bd4+ 28. Kh1 Rf1# 0-1

[Event "Let's Play Chess!"]
[Site "http://www.queenalice.com/game.php?id=1114356"]
[Date "2012.10.20"]
[Round "-"]
[White "Zany1"]
[Black "FerreiraAzevedo"]
[Result "0-1"]
[WhiteElo "1599"]
[BlackElo "2764"]

1. Nf3 Nf6 2. c4 c5 3. Nc3 Nc6 4. g3 e5 5. Bg2 h6 6. O-O d6 7. d3 Be7 8. Qb3 O-O
9. Nd5 Nxd5 10. cxd5 Nd4 11. Nxd4 exd4 12. e3 dxe3 13. fxe3 h5 14. Bd2 h4 15.
Qd1 Bf6 16. Bc3 Bxc3 17. bxc3 Qg5 18. Qf3 h3 19. Bh1 Bg4 20. Qf4 Qxf4 21. Rxf4
f5 22. Rb1 Be2 23. d4 Rac8 24. dxc5 Rxc5 25. Kf2 Bd3 26. Rb3 Ra5 27. a4 b5 28.
Rbb4 Rc8 29. g4 g5 30. Rfd4 Rxc3 31. gxf5 Kf7 32. Be4 Bc4 33. Ke1 Rxe3+ 34. Kf2
Rc3 35. Ke1 a6 36. Kd2 Ra3 37. Bc2 Rf3 38. axb5 axb5 39. Kc1 Rf1+ 40. Rd1 Ra1+
41. Rb1 Rxb1+ 42. Bxb1 Rxd1+ 43. Kxd1 g4 44. Be4 g3 45. hxg3 Bf1 46. Ke1 Bg2 0-1

[Event "Ajedrecistas 1"]
[Site "http://www.queenalice.com/game.php?id=1115297"]
[Date "2012.10.23"]
[Round "1"]
[White "Zany1"]
[Black "Maxwell"]
[Result "1-0"]
[WhiteElo "1640"]
[BlackElo "2123"]

1. Nf3 d5 2. g3 Nf6 3. Bg2 c6 4. O-O Bg4 5. d4 Nbd7 6. Nc3 g6 7. Bf4 Bg7 8. h3
Bxf3 9. Bxf3 O-O 10. Qd3 Re8 11. Rad1 b5 12. e4 dxe4 13. Nxe4 Nd5 14. Bg5 h6 15.
Bd2 Rc8 16. a4 a6 17. axb5 axb5 18. Ra1 Qc7 19. Ba5 Qb8 20. Nc3 Nxc3 21. bxc3 e5
22. Rfb1 Nf6 23. Re1 exd4 24. cxd4 Qd6 25. Bd2 Nd5 26. Re4 Rxe4 27. Qxe4 Nb6 28.
c3 Nc4 29. Bf4 Qf6 30. Bg4 Rd8 31. Ra6 1-0

[Event "Challenge"]
[Site "http://www.queenalice.com/game.php?id=1115512"]
[Date "2012.10.23"]
[Round "-"]
[White "Zany1"]
[Black "GFB"]
[Result "1-0"]
[WhiteElo "1599"]
[BlackElo "1570"]

1. Nf3 Nc6 2. g3 e5 3. d3 d5 4. Bg2 d4 5. O-O Bg4 6. c3 h6 7. cxd4 Bxf3 8. Bxf3
exd4 9. Nd2 Nf6 10. Nc4 Bc5 11. Qb3 b6 12. Bxc6+ Nd7 13. Ne5 O-O 14. Nxd7 Rc8
15. Nxf8 Qxf8 16. e3 Rd8 17. Bd2 a5 18. exd4 Bxd4 19. Rae1 Bf6 20. Bf4 Qb4 21.
Qxb4 axb4 22. Bxc7 Rc8 23. Re8+ Rxe8 24. Bxe8 Kf8 25. Re1 Bxb2 26. Bb5 g5 27.
Re8+ Kg7 28. Bxb6 g4 29. Bc5 Ba3 30. Bd4+ Kg6 31. Rg8+ Kf5 32. Bd7# 1-0

[Event "Challenge"]
[Site "http://www.queenalice.com/game.php?id=1115576"]
[Date "2012.10.24"]
[Round "-"]
[White "Zany1"]
[Black "KROKUS"]
[Result "1-0"]
[WhiteElo "1684"]
[BlackElo "1415"]

1. Nf3 d5 2. g3 Nf6 3. Bg2 g6 4. O-O Bg7 5. d4 O-O 6. Nc3 Bf5 7. Nh4 Bc8 8. Bf4
c6 9. Nf3 Bf5 10. Nh4 e6 11. Qd2 h5 12. Nxf5 exf5 13. a4 Nbd7 14. a5 a6 15. Ra4
Re8 16. Rb4 Qc8 17. Re1 Nf8 18. Na4 N6d7 19. c4 Ne6 20. cxd5 cxd5 21. Bxd5 Nxd4
22. Bxb7 Qc2 23. Rxd4 Qxd2 24. Rxd2 Rad8 25. Red1 1-0

[Event "Ajedrecistas 1"]
[Site "http://www.queenalice.com/game.php?id=1135379"]
[Date "2012.12.29"]
[Round "2"]
[White "SAROS"]
[Black "Zany1"]
[Result "0-1"]
[WhiteElo "1844"]
[BlackElo "1750"]

1. e4 g6 2. d4 Bg7 3. Nf3 d6 4. Bc4 Nf6 5. Qe2 Nc6 6. O-O Bg4 7. c3 e5 8. Qd3
Bxf3 9. gxf3 O-O 10. Bg5 h6 11. Be3 d5 12. exd5 Nxd5 13. Bc1 exd4 14. a3 Ne5 15.
Qe4 Nxc4 16. cxd4 Re8 17. Qg4 h5 18. Qg3 Bxd4 19. Nc3 Bxc3 20. bxc3 Nxc3 21. Kh1
Ne2 22. Qg5 Qd4 23. Rb1 Qd3 24. Qg2 Qxb1 0-1

[Event "Ajedrecistas 1"]
[Site "http://www.queenalice.com/game.php?id=1154583"]
[Date "2013.2.22"]
[Round "3"]
[White "Zany1"]
[Black "Ebbe"]
[Result "1-0"]
[WhiteElo "1781"]
[BlackElo "1914"]

1. Nf3 d5 2. g3 Nc6 3. Bg2 e5 4. d3 d4 5. c3 dxc3 6. Nxc3 Bb4 7. O-O h6 8. Nxe5
Nxe5 9. Qa4+ Nc6 10. Bxc6+ bxc6 11. Qxb4 Be6 12. Be3 Ne7 13. Bc5 Nc8 14. Qb7 Nd6
15. Qxc6+ Bd7 16. Qa6 O-O 17. Bxd6 cxd6 18. Qxd6 Re8 19. Rac1 Re6 20. Qd4 Bc6
21. Qxd8+ Rxd8 22. Rfd1 h5 23. Rd2 g5 24. d4 Red6 25. d5 Kg7 26. e4 Rh6 27. dxc6
Rxd2 28. Nb5 Rd8 29. c7 Rc8 30. Nxa7 Rhh8 31. Nxc8 Rxc8 32. b4 Kf6 33. b5 Ke7
34. b6 Kd7 35. b7 Rxc7 36. Rd1+ 1-0

[Event "Let's Play Chess!"]
[Site "http://www.queenalice.com/game.php?id=1163051"]
[Date "2013.3.20"]
[Round "-"]
[White "josebaron"]
[Black "Zany1"]
[Result "0-1"]
[WhiteElo "1822"]
[BlackElo "1812"]

1. e4 g6 2. Bc4 Bg7 3. Nf3 e6 4. O-O d5 5. exd5 exd5 6. Re1+ Ne7 7. Bb3 O-O 8.
d4 Nbc6 9. c3 Qd6 10. a3 Bg4 11. h3 Bd7 12. Bc2 Rfe8 13. Bg5 h6 14. Bd2 Nf5 15.
Rxe8+ Rxe8 16. Bxf5 Bxf5 17. Qc1 Na5 18. Qd1 Qb6 19. b4 Nc4 20. Qc1 Nxd2 21.
Nbxd2 Bd3 22. Nb3 Bc4 23. Nc5 Qc6 24. Qd1 Be2 25. Qd2 Bxf3 26. gxf3 Bf8 27. Re1
Rxe1+ 28. Qxe1 Bd6 29. Qe3 b6 30. Nb3 Qa4 31. Nc1 Qxa3 32. Ne2 Kg7 33. Kg2 a5
34. bxa5 bxa5 35. f4 a4 36. Kf3 Qb2 37. Qc1 a3 38. h4 Qb3 39. Qa1 a2 40. Nc1 Qb1
41. Qxa2 Qe4+ 0-1

[Event "Let's Play Chess!"]
[Site "http://www.queenalice.com/game.php?id=1163457"]
[Date "2013.3.21"]
[Round "-"]
[White "hamurobi"]
[Black "Zany1"]
[Result "0-1"]
[WhiteElo "1438"]
[BlackElo "1835"]

1. e4 g6 2. Bc4 Nf6 3. e5 d5 4. exf6 dxc4 5. fxe7 Bxe7 6. Qe2 Nc6 7. Qxc4 Be6 8.
Qe2 Nd4 9. Qd1 Qd5 10. f3 O-O 11. Ne2 Bh4+ 12. Ng3 Bf5 13. Nc3 Qe6+ 14. Kf1 Bxc2
15. Qe1 Bd3+ 16. Kf2 Qa6 17. Qe5 Nc2 18. Nd5 Rfe8 19. Qf4 g5 20. Nf6+ Kh8 21.
Qxh4 Qb6+ 0-1

[Event "Ajedrecistas 1"]
[Site "http://www.queenalice.com/game.php?id=1168380"]
[Date "2013.4.4"]
[Round "4"]
[White "Zany1"]
[Black "oevidalr"]
[Result "1-0"]
[WhiteElo "1835"]
[BlackElo "1713"]

1. Nf3 d5 2. g3 Nc6 3. Bg2 Nf6 4. d4 h6 5. O-O a6 6. Ne5 e6 7. c4 Bd6 8. Nxc6
bxc6 9. c5 Be7 10. Nd2 O-O 11. Nf3 Bd7 12. Ne5 Ne4 13. Qc2 Ng5 14. f4 Ne4 15.
Bxe4 dxe4 16. Qxe4 Bf6 17. Qd3 Qe7 18. Bd2 Rab8 19. b4 Bxe5 20. fxe5 Bc8 21. Qe4
Bb7 22. Bxh6 gxh6 23. Rf6 Rfd8 24. Raf1 Rd7 25. Rxh6 f5 26. exf6 Qf7 27. Qg4+
Qg7 28. fxg7 Rxg7 29. Qxe6+ 1-0